000 00701nam a2200253Ia 4500
003 OSt
005 20220926015111.0
006 a|||||r|||| 00| 0
007 ta
008 220923b |||||||| |||| 00| 0 eng d
020 _a10: 1600217060
037 _cGeneral Book
040 _aRTL
_cRTL
_beng
041 _2eng
_aeng
082 _aX6:(B333), P7
100 _aBasov Suran
_9321596
245 0 _aPartial differential equations in economics and finance
260 _aNew York
_bNova Science
_c2007
300 _axi, 134p
_ccm.
500 _aBibliography P125-31
650 _aEconomics
942 _hX6:(B333), P7
_cGB
_2CC
999 _c630556
_d630556